| 000 | 00644nam a2200193 u 4500 | ||
|---|---|---|---|
| 005 | 20230623063558.0 | ||
| 008 | 090209s2006 mx r 000 0 spa d | ||
| 020 | _a9702409403 | ||
| 035 | _aUPN01000168973 | ||
| 049 | _aI | ||
| 050 | 4 |
_aPZ76.3 _bZ4.4 |
|
| 100 | 1 |
_aZepeda Montañez, Erika Marcela, _d1982- |
|
| 245 | 1 | 0 |
_aHistorias galliniles : _bo la extraordinaria historia de siete gallos que treparon a un árbol / _cErika Marcela Zepeda Montañez. |
| 260 |
_aMéxico : _bPatria, _c2006. |
||
| 300 |
_a159 p. : _bil. col. |
||
| 440 | 0 |
_aPatria infantil-juvenil ; _v19 |
|
| 650 | 4 |
_aCuentos infantiles mexicanos _97723 |
|
| 905 | _aInfantil | ||
| 999 |
_c141079 _d141079 |
||